000
00216nam a22000857a 4500
008
170202b xxu||||| |||| 00| 0 eng d
100
_9
2744
_a
CBSE
245
_a
Social Science-Q.B.IX-T-II
260
_a
New Delhi
_b
Oswall
_c
2010
999
_c
5925
_d
5925